Personnage Historique #9 - Statistiques

Statistiques générales
  • Ce quiz a été pris 105 fois
  • Le résultat moyen est 6 sur 16
Statistiques - réponses
Par images Réponse % Correct
John Lennon
94%
Ludwig van Beethoven
82%
Grigori Efimovitch Raspoutine
76%
Hirohito
74%
Voltaire
59%
Nikola Tesla
55%
Charles Darwin
46%
Joseph Goebbels
42%
Josip Broz Tito
26%
Nicolas Copernic
16%
Haïlé Sélassié Ier
15%
Pierre Ier
15%
Charles-Maurice de Talleyrand-Périgord
9%
John Davison Rockefeller
9%
Ludwig Wittgenstein
5%
Ashoka
2%
Aucun quiz correspondant
Distribution des résultats
% des personnes avec chaque résultat
Percentile par nombre de réponses
Votre historique - résultats
Vous n’avez pas pris ce quiz